MDQL
is popping MORE tags! Check the
thread
!
Quizzes
Events
Quiz Creation
Community
Videos
Private Events
Remove Ads
Sign In
Join for FREE
Feedback
Dark Mode
Quiz Categories
Sports
Geography
Music
Movies
Television
Just For Fun
Miscellaneous
History
Literature
Language
Science
Gaming
Entertainment
Religion
Holiday
For Kids
Quiz Lab
Recent
Popular Today
Quiz Kudos Today
Editor Picks
Curator Picks
Quizzes by...
Day
Popularity
Type
Ratings
Length
Year
Community
Subscriptions
Recent Discussions
Orange Saloon
Badges
Playlists
Quests
Create
Leaderboards
Showdown
Live 5
Trivia Bingo
Activity
Puzzle Library
Sporcle Events
Private Events
Virtual Trivia
Globe League
Become a Host
Pub Owners
SporcleCon
Opinionation
Our Games
Videos
Blog
Mobile Apps
Partnerships
Remove Ads and Go Orange
Feedback
Sports
Athletes
MLB
NBA
NHL
NFL
Soccer
Sports Teams
WWE
NCAA
Football
Premier League
Basketball
Baseball
Hockey
Golf
Tennis
Cricket
Rugby
Auto Racing
Olympics
World Cup
Sports
Athletes
MLB
NBA
NHL
NFL
Soccer
Sports Teams
WWE
NCAA
Football
Premier League
Basketball
Baseball
Hockey
Golf
Tennis
Cricket
Rugby
Auto Racing
Olympics
World Cup
Random Quiz
Search Sporcle
×
Quiz Lab
Quiz Lab
Sports
selection
Type in answers that appear in a list
Type in answers that appear in a list
Classic
Best Score? Go Orange.
Most All-NBA Selections Stats
Can you name the Most All-NBA Selections?
By
norwegianwood510
5m
22 Questions
170 Plays
170 Plays
170 Plays
Comments
Comments
Give Quiz Kudos
Give Quiz Kudos
-
- Ratings
hide this ad
Replay
Link that replays current quiz
Next Quiz
Link to next quiz in quiz playlist
You Got
0%
They Got
Avg Score
87%
Avg Friend Score
Upgrade to see
Score Distribution
Jump to the score distribution portion of the page
Score
0/22
Timer
05:00
0
Plays Today
Number of Selections
Player
% Correct
14
Shaquille O'Neal
100%
13
Tim Duncan
100%
15
Kareem Abdul-Jabbar
99.4%
14
Kobe Bryant
99.4%
14
Karl Malone
99.4%
12
Dirk Nowitzki
98.2%
11
John Stockton
97.1%
12
Hakeem Olajuwon
95.9%
10
Larry Bird
95.9%
10
David Robinson
95.9%
11
Michael Jordan
94.1%
Number of Selections
Player
% Correct
10
Magic Johnson
91.2%
11
Charles Barkley
90.6%
10
Wilt Chamberlain
90.6%
11
Oscar Robertson
88.8%
11
Bill Russell
88.8%
12
Jerry West
88.2%
11
John Havlicek
84.1%
12
Bob Cousy
80%
10
Elgin Baylor
79.4%
11
Bob Pettit
44.1%
12
Dolph Schayes
34.7%
Quiz Playlist
Details
Report
Send in Message
Add To Playlist
Classic:
Type in answers that appear in a list
Last Updated: Feb 16, 2017
Quiz Scoreboard
CHALLENGE
Sign Up to Join the Scoreboard
Show All
Scores
Hide
Comments
May contain spoilers
Recently Published
Colored Red Africa Blitz
by spor1
Geography
30s
Find the 'City' Movie
by crazypaving
Movies
60s
5x2 Blitz: Bands
by SL_Kpop136
Music
30s
More to Explore
Quiz From the Vault
Featured Blog Post
14 Easter Pick-up Lines to Find Eggs With
hide this ad
You Might Also Like...
Tags
Player
selection
team
Today's Top Quizzes in Sports
Browse Sports
hide this ad
Today's Top Quizzes in selection
Browse selection
Top Contributed Quizzes in Sports
1
Players with Multiple 50 Home Run Seasons
2
Who Needs Fielders?
3
Criteria MLB: Left Handed Sluggers
4
MLB Players with Two .350 Batting Average Seasons
5
Who Hit More Homers?
6
2020 F1 Drivers Logic Puzzle
7
NBA Teammate Connections
8
Premier League Clubs since 2000 (minefield)
9
MLB Teams by First Game
10
Top 10 NHL Goal Scorers of All Time
Explore More
Trending Topics
Crossword
NBA
Kpop
Anime
Harry Potter
Marvel
Disney
NFL
WWE
Puzzle
Pokémon
Song
Country
The Office
Soccer
hide this ad
More By:
norwegianwood510
Quiz
Plays
Rating
Category
Featured
Created
NBA Season Assists Leaders 1980-present
223
5.00
Sports
Jun 25, 2012
NBA Players with Most Points Scored in Single Game
185
Sports
Jun 23, 2012
Most All-NBA Selections
170
2.60
Sports
Jul 15, 2012
Career 3-Point Scoring Leaders
54
4.50
Sports
Jul 15, 2012
Aziz Ansari Films
46
Movies
Jul 22, 2012
Go to Creator's Profile
Score Distribution
Quiz Creator Spotlight
norwegianwood510
Follow
Send a Message
Quizzes Created
-
Created Quiz Play Count
-
More By This Creator
Popular Quizzes Today
1
5x2 Blitz: Bands
2
Find the 'City' Movie
3
Colored Red Africa Blitz
4
Find the US States - No Outlines Minefield
5
The Countries of the World
6
Find the US States
7
9x9 Crossword: Cartoon Network
8
US States
More Sports Quizzes
Highest Paid Big 4 Player Per Team
Editor's Pick
Trending Quizzes
Colored Red Africa Blitz II
Colored Red Europe Blitz I
Christmas Pick: Judaism
Colored Red Africa Blitz III
Colored Red Europe Blitz II
Recently Updated
Champions League XIs: Real Madrid
pecheneg
Largest US Cities 1790-2010
pecheneg
Rides in Walt Disney World
pecheneg
Most Oscar Losses (Acting)
pecheneg
Beyoncé Albums
pecheneg
Leaping Animals
pecheneg
Reality TV Shows (A-Z)
bhenderson79
Rickey Henderson's Hall of Fame Teammates
pecheneg
Champions League XIs: Arsenal
pecheneg
Quick Pick: Celebrities in WWE's Hall of Fame
aduchscher
Trending Topics
NBA
Anime
Kpop
Harry Potter
Crossword
Marvel
Disney
Song
Puzzle
Soccer
Country
Pokémon
NFL
The Office
WWE
Your Account Isn't Verified!
In order to create a playlist on Sporcle, you need to verify the email address you used during registration. Go to your
Sporcle Settings
to finish the process.
Report this User
Report this user for behavior that violates our
Community Guidelines
.
Details:
Send Report
Go to the Sporcle.com Mobile Site →
Comments